MARC details
| 000 -CABECERA |
| campo de control de longitud fija |
00893nam a2200241 a 4500 |
| 005 - FECHA Y HORA DE LA ÚLTIMA TRANSACCIÓN |
| campo de control |
20210223125244.0 |
| 008 - ELEMENTOS DE LONGITUD FIJA--INFORMACIÓN GENERAL |
| campo de control de longitud fija |
040126s2002 mx r 000 0 spa d |
| 020 ## - NÚMERO INTERNACIONAL NORMALIZADO PARA LIBROS |
| Número Internacional Estándar del Libro |
8497040236 |
| 035 ## - NÚMERO DE CONTROL DEL SISTEMA |
| Número de control de sistema |
UPN01000131541 |
| 049 ## - COLECCIÓN |
| Colección |
CE |
| 050 #4 - SIGNATURA TOPOGRÁFICA DE LA BIBLIOTECA DEL CONGRESO |
| Número de clasificación |
Z695.615 |
| Número de documento/Ítem |
P5.4 |
| 100 1# - ASIENTO PRINCIPAL--NOMBRE PERSONAL |
| Nombre de persona |
Pinto Molina, María |
| 245 10 - MENCIÓN DE TÍTULO |
| Título |
Indización y resumen de documentos digitales y multimedia : |
| Resto del título |
técnicas y procedimientos / |
| Mención de responsabilidad, etc. |
María Pinto Molina, Francisco Javier García Marco, María del Carmen Agustín Lacruz. |
| 260 ## - PUBLICACIÓN, DISTRIBUCIÓN, ETC. |
| Lugar de publicación, distribución, etc. |
Gijón, Esp. : |
| Nombre del editor, distribuidor, etc. |
Trea, |
| Fecha de publicación, distribución, etc. |
2002. |
| 300 ## - DESCRIPCIÓN FÍSICA |
| Extensión |
350 p. : |
| Otras características físicas |
il. |
| 440 #0 - MENCIÓN DE SERIE/ASIENTO SECUNDARIO--TÍTULO |
| Título |
Biblioteconomía y administración cultural ; |
| Designación de volumen o secuencia |
62 |
| 650 #4 - ASIENTO SECUNDARIO DE MATERIA - TERMINO TEMATICO |
| Término de materia o nombre geográfico como elemento de entrada |
INDIZACION |
| 650 #4 - ASIENTO SECUNDARIO DE MATERIA - TERMINO TEMATICO |
| Término de materia o nombre geográfico como elemento de entrada |
MULTIMEDIA INTERACTIVA |
| 9 (RLIN) |
4856 |
| 650 #4 - ASIENTO SECUNDARIO DE MATERIA - TERMINO TEMATICO |
| Término de materia o nombre geográfico como elemento de entrada |
CATALOGACION - |
| Subdivisión de forma |
MATERIALES NO IMPRESOS |
| 9 (RLIN) |
6298 |
| 700 1# - ASIENTO SECUNDARIO--NOMBRE DE PERSONAL |
| Nombre de persona |
García Marco, Francisco Javier, |
| Término indicativo de función/relación |
coaut. |
| 700 1# - ASIENTO SECUNDARIO--NOMBRE DE PERSONAL |
| Nombre de persona |
Agustín Lacruz, María del Carmen, |
| Término indicativo de función/relación |
coaut. |
| 905 ## - TIPO DE MATERIAL |
| Tipo de material |
Libro |